00605nas a22001817a 4500008004100000245004300041260007600084300000900160440004900169546001400218590003300232590003500265650002100300650002400321856005100345942001200396999001500408130426t20109999ag ||||| |||| 00| 0 spa d aColeccion Acontecimientos Terapeuticos aBuenos Aires,bSociedad Iberoamericana de Informacion Cientifica:c2010 av. : aIndicaciones Clinicas de Levetiracetam92060 aespañol aIndizada en: SIIC Data Bases aExistencias: 2010 (1 ejemplar) aNEUROLOGIA91941 aLEVETIRACETAM92061 uhttp://www.siicsalud.com/lmr/siicdatabases.php 2ddccCR c1342d1342